|
|
|
|
| LEADER |
00000nam0a2200000 4500 |
| 001 |
194718 |
| 005 |
20231031182423.0 |
| 010 |
|
|
|a 9785904270582
|
| 035 |
|
|
|a (RuTPU)RU\TPU\book\212393
|
| 090 |
|
|
|a 194718
|
| 100 |
|
|
|a 20110421d2011 m y0rusy50 ca
|
| 101 |
0 |
|
|a rus
|
| 102 |
|
|
|a RU
|
| 105 |
|
|
|a a j 001zy
|
| 200 |
1 |
|
|a Вибродиагностика
|e учебное пособие
|f Г. В. Зусман, А. В. Барков
|g Российское общество по неразрушающему контролю и технической диагностике (РОНКТД); под ред. В. В. Клюева
|
| 210 |
|
|
|a Москва
|c Спектр
|d 2011
|
| 215 |
|
|
|a 215 с.
|c ил.
|
| 225 |
1 |
|
|a Диагностика безопасности
|
| 320 |
|
|
|a Библиогр.: с. 210-214.
|
| 330 |
|
|
|a Изложены вопросы вибродиагностики, методы и средства контроля вибрации и анализа вибрации. Представлены основные сведения по теории колебаний и виброметрии. Приведены методы обработки вибрационных сигналов. Рассмотрены основы диагностики механизмов по основным составляющим вибрации и нормирование вибрации. Книга может быть использована в качестве пособия для подготовки студентов и специалистов, обучающихся по направлениям технической диагностики, контроля качества и безопасности изделий и конструкций. Учебное пособие рекомендуется для подготовки к аттестации специалистов 1, 2 и 3 уровней НК по международной и европейской системам аттестации, а также в качестве базового материала для дистанционного обучения специалистов по НК.
|
| 606 |
1 |
|
|a Виброизмерения
|2 stltpush
|3 (RuTPU)RU\TPU\subj\38211
|
| 610 |
1 |
|
|a вибродиагностика
|
| 610 |
1 |
|
|a виброакустическая диагностика
|
| 610 |
1 |
|
|a вибромониторинг
|
| 610 |
1 |
|
|a вибрация
|
| 610 |
1 |
|
|a анализ
|
| 610 |
1 |
|
|a эксплуатационные дефекты
|
| 610 |
1 |
|
|a нормирование
|
| 610 |
1 |
|
|a учебные пособия
|
| 675 |
|
|
|a 620.178.5(075.8)
|v 3
|
| 700 |
|
1 |
|a Зусман
|b Г. В.
|g Георгий Владимирович
|
| 701 |
|
1 |
|a Барков
|b А. В.
|g Алексей Васильевич
|
| 702 |
|
1 |
|a Клюев
|b В. В.
|4 340
|
| 712 |
0 |
2 |
|a Российское общество по неразрушающему контролю и технической диагностике (РОНКТД)
|2 stltpush
|3 (RuTPU)RU\TPU\col\17335
|
| 801 |
|
1 |
|a RU
|b 63413507
|c 20110421
|
| 801 |
|
2 |
|a RU
|b 63413507
|c 20150528
|g RCR
|
| 900 |
|
|
|a Вибродиагностика
|
| 942 |
|
|
|c BK
|
| 959 |
|
|
|a 43/20110421
|d 2
|e 720,00
|f ЧЗТЛ:1
|f АНЛ:1
|
| 959 |
|
|
|a 75/20130412
|d 5
|e 740,00
|f УФ:5
|